000 00357nam a2200121Ia 4500
005 20251222143139.0
008 251222s9999||||xx |||||||||||||| ||spa||
082 _a658.15/C34
100 _aCastillo Vargas, Julio del
245 0 _aEstrategias de Estructuración Financiera de Empresas y Proyectos
264 _bUniversidad Mayor de San Marcos
942 _cLIB
999 _c12245
_d12245